000 00663cam a22002171 4500
001 ca 36000114
003 DLC
005 20260227111140.0
008 891021s1936 maua 000 0 eng
010 _aca 36000114
035 _a(OCoLC)20532838
040 _aDLC
_cRPB
_dDLC
042 _apremarc
050 0 0 _aPS3525.A2777
_bB8 1936
082 _a812.5
100 1 _aMcMullen, J. C.
_q(Joseph Carl),
_d1882-
245 1 0 _aBuddy buys an orchid;
_ba comedy in one act,
_cby J.C. McMullen ...
260 _aBoston, Mass.,
_aLos Angeles, Cal.
_b[Walter H. Baker Company,
_cc1936]
300 _a23 p.
_bdiagr.
_c19 cm.
490 0 _aBaker's junior high school series
999 _c17990
_d17990